The telegraph-herald

Bibliographic Details
Format: Unknown
Language:English
Published: Dubuque, Iowa : [Telegraph-Herald]
Subjects:
Online Access:Acceso restringido

MARC

LEADER 00000ny a22000003n 4500
005 20110513103550.0
008 820928c19359999iaudr nes 0 a0eng
010 |a sn 82015829 
022 |a 1041-293X 
035 |a 4539 
040 |a DLC  |c DLC  |d vLex 
090 |c 1836  |d 1836 
245 3 4 |a The telegraph-herald  |h [Recurso electrn̤ico] 
246 3 |a Telegraph herald 
256 |a Servicio en ln̕ea 
260 |a Dubuque, Iowa :  |b [Telegraph-Herald] 
310 |a Diaria 
506 1 |a Contenido solo disponible en los productos indicados  |d vLex Global  |d vLex Global (Academic Edition, excluding Law Schools)  |d vLex Global (U.S. Academic Edition, excluding Law Schools) 
525 |a Includes monthly supplement called: Eastlake news & views 
650 0 4 |a Perid̤icos americanos 
740 0 |a vLex Revista (Servicios en ln̕ea) 
752 |a United States  |b Illinois  |c Jo Daviess  |d East Dubuque 
752 |a United States  |b Iowa  |c Dubuque  |d Dubuque. 
843 |a Electrn̤ica. Abierta 
853 |8 1  |i (year)  |j (month)  |k (day) 
856 4 0 |z Acceso restringido  |u http://vlex.com/account/login_ip?fuente_id=4539  
942 |c REV 
999 0 |a Dubuque (Iowa)  |v Newspapers. 
999 0 |a Dubuque County (Iowa)  |v Newspapers.